[Event "Milan Crespi op-B 28th"]
[Site "Milan"]
[Date "2007.12.09"]
[Round "6"]
[White "Gavioli, Fabrizio"]
[Black "Casale, Anania"]
[Result "1/2-1/2"]
[WhiteElo "1592"]
[BlackElo "1711"]
[PlyCount "38"]
[EventDate "2007.12.06"]
[EventType "swiss"]
[EventRounds "6"]
[EventCountry "ITA"]
[SourceTitle "EXT 2009"]
[Source "ChessBase"]
[SourceDate "2008.11.26"]
[SourceVersion "1"]
[SourceVersionDate "2008.11.26"]
[SourceQuality "1"]

1. e4 e5 2. Nf3 Nc6 3. Bb5 a6 4. Bxc6 dxc6 5. 0-0 Nf6 6. Nxe5 Bc5 7. c3 Nxe4 8. d4 Be7 9. Nd2 Nxd2 10. Bxd2 0-0 11. f4 c5 12. dxc5 Bxc5+ 13. Kh1 Be6 14. Qc2 Qd6 15. Rad1 Rad8 16. b4 Ba7 17. Bc1 Bf5 18. Rxd6 Bxc2 19. Rxd8 Rxd8 1/2-1/2

[Event "Milan Crespi op-B 28th"]
[Site "Milan"]
[Date "2007.12.08"]
[Round "5"]
[White "Albrizio, Mauro"]
[Black "Gavioli, Fabrizio"]
[Result "0-1"]
[WhiteElo "1692"]
[BlackElo "1592"]
[PlyCount "82"]
[EventDate "2007.12.06"]
[EventType "swiss"]
[EventRounds "6"]
[EventCountry "ITA"]
[SourceTitle "EXT 2009"]
[Source "ChessBase"]
[SourceDate "2008.11.26"]
[SourceVersion "1"]
[SourceVersionDate "2008.11.26"]
[SourceQuality "1"]

1. e4 d5 2. exd5 Nf6 3. d4 Nxd5 4. Nf3 g6 5. c4 Nb6 6. Bd3 Bg7 7. Be3 0-0 8. 0-0 Nc6 9. Be2 Bf5 10. Nc3 e5 11. d5 Na5 12. b4 Naxc4 13. Bg5 Qd6 14. Nb5 Qd7 15. a4 a6 16. Nc3 h6 17. Bh4 g5 18. Bg3 Rfe8 19. a5 Nb2 20. Qc1 N6c4 21. Nd2 Nd3 22. Bxd3 Bxd3 23. Rd1 Nxd2 24. Rxd2 e4 25. Ra3 f5 26. f4 g4 27. Bf2 Qd6 28. g3 Qxb4 29. Qa1 Qd6 30. Qa2 Bf8 31. Ra4 Bb5 32. Nxb5 axb5 33. Rc2 bxa4 34. Bc5 Qf6 35. Bxf8 Kxf8 36. Rxc7 Rxa5 37. Qa3+ Kg8 38. d6 Qd4+ 39. Kf1 Rd5 40. Qa2 Qd1+ 41. Kg2 Qd2+ 0-1